[Event "Accession Vitrolles 2018/2019"]
[Site "Vitrolles"]
[Date "2018.09.29"]
[Round "1"]
[White "Beraud, Robert"]
[Black "Colandrea, Sauveur"]
[Result "0-1"]
[WhiteElo "1685"]
[BlackElo "1734"]
[PlyCount "66"]

1. e4 d6 2. d4 Nf6 3. Nc3 Nbd7 4. Nf3 e5 5. Bc4 Be7 6. O-O O-O 7. Re1 c6 8. a4
b6 9. h3 Bb7 10. Ba2 a6 11. d5 cxd5 12. Bxd5 Bxd5 13. Nxd5 Nxd5 14. Qxd5 Qc7
15. Qd3 Nc5 16. Qe2 a5 17. b3 Rac8 18. Nd2 Kh8 19. Ba3 f5 20. exf5 Rxf5 21. Nc4
Rcf8 22. Rf1 Ne6 23. Ne3 Nf4 24. Qd2 Rg5 25. Kh1 Qc6 26. f3 Rg6 27. Rad1 Nh5
28. Rf2 Bh4 29. Re2 Ng3+ 30. Kh2 Nxe2 31. Qxe2 e4 32. fxe4 Qxe4 33. Qc4 Bg3+
0-1

[Event "Accession Vitrolles 2018/2019"]
[Site "Vitrolles"]
[Date "2018.09.29"]
[Round "1"]
[White "Boukhfif, Tarik"]
[Black "Roger, Patrick"]
[Result "0-1"]
[WhiteElo "1599"]
[BlackElo "1660"]
[PlyCount "104"]

1. d4 d5 2. c4 e6 3. Nc3 Nf6 4. Bg5 Be7 5. Nf3 Nbd7 6. e3 b6 7. Rc1 Bb7 8. a3
c5 9. dxc5 Nxc5 10. cxd5 Nxd5 11. Bb5+ Nd7 12. Bxe7 Qxe7 13. Ne5 N5f6 14. O-O
Rd8 15. Qa4 O-O 16. Nxd7 Nxd7 17. Rfd1 Qg5 18. e4 Nc5 19. Qc2 Nxe4 20. Bf1 Nxc3
21. bxc3 Rxd1 22. Rxd1 Rd8 23. Qa4 h5 24. Rxd8+ Qxd8 25. Qxa7 Bc6 26. Qa6 g6
27. a4 Qa8 28. Qxa8+ Bxa8 29. Bb5 Kf8 30. f4 Ke7 31. Kf2 f6 32. h4 Kd6 33. g3
e5 34. Be8 Be4 35. Ke3 Bf5 36. Bb5 Kc5 37. fxe5 fxe5 38. c4 Kb4 39. Kd2 Kc5 40.
Kc3 e4 41. Kd2 Kd4 42. Ke2 Bg4+ 43. Ke1 e3 44. Kf1 Be6 45. Be8 Bxc4+ 46. Ke1
Bd3 47. Kd1 Bf5 48. Ke2 Bd3+ 49. Ke1 Ke4 50. Bd7 Kf3 51. Bb5 Bxb5 52. axb5 e2
0-1

[Event "Accession Vitrolles 2018/2019"]
[Site "Vitrolles"]
[Date "2018.09.29"]
[Round "1"]
[White "Montanelli, Tristan"]
[Black "Piat, Jean-Pascal"]
[Result "1-0"]
[WhiteElo "1686"]
[BlackElo "1736"]
[PlyCount "91"]

1. b3 Nf6 2. Bb2 d6 3. c4 e5 4. g3 Bd7 5. d3 Be7 6. Bg2 Qc8 7. Nd2 O-O 8. Qc2
c5 9. Ngf3 Nc6 10. a3 h6 11. e3 Nh7 12. d4 exd4 13. exd4 Bf6 14. O-O cxd4 15.
Ne4 Be5 16. Qd2 f5 17. Nxe5 dxe5 18. Nd6 Qc7 19. Bd5+ Kh8 20. Nf7+ Rxf7 21.
Bxf7 Ng5 22. Bd5 Na5 23. Qd1 Bc6 24. f4 Nh3+ 25. Kg2 Bxd5+ 26. cxd5 Qd6 27.
Kxh3 Qxd5 28. Qd3 e4 29. Qxd4 Qxd4 30. Bxd4 Nxb3 31. Rad1 b6 32. g4 fxg4+ 33.
Kxg4 Re8 34. Be5 Nc5 35. Rfe1 Kh7 36. h4 Nd3 37. Rxd3 exd3 38. Rd1 Kg6 39. Rxd3
h5+ 40. Kf3 Re7 41. Ke4 Kf7 42. Rg3 g6 43. f5 gxf5+ 44. Kxf5 Ke8 45. Rg8+ Kd7
46. Rg7 1-0

[Event "Accession Vitrolles 2018/2019"]
[Site "Vitrolles"]
[Date "2018.09.29"]
[Round "1"]
[White "Chabaud, Philippe"]
[Black "Mars, Theo"]
[Result "0-1"]
[WhiteElo "1489"]
[BlackElo "1705"]
[PlyCount "90"]

1. d4 Nf6 2. Bf4 c5 3. e3 Qb6 4. b3 d5 5. Nf3 Bg4 6. Be2 Nc6 7. c3 cxd4 8. exd4
Ne4 9. O-O e6 10. Nfd2 Bxe2 11. Qxe2 Nxd2 12. Nxd2 g6 13. Nf3 Bg7 14. Bd6 Nxd4
15. Nxd4 Qxd6 16. Nb5 Qb6 17. Rac1 O-O 18. Rfd1 Rac8 19. Qd3 Rc5 20. Nd4 Rfc8
21. Qd2 Qc7 22. Ne2 Bxc3 23. Qe3 Bd4 24. Qxd4 Rxc1 25. Nxc1 Qxc1 26. g3 Qc5 27.
Qa4 b5 28. Qf4 a5 29. h4 Qc2 30. Rd2 Qe4 31. Qxe4 dxe4 32. Re2 f5 33. Kg2 Kf7
34. Kh3 Rc3 35. Kg2 Kf6 36. g4 Ke5 37. h5 Kf4 38. hxg6 hxg6 39. gxf5 exf5 40.
Rd2 a4 41. bxa4 bxa4 42. Rd4 a3 43. Rd2 g5 44. Re2 g4 45. Kf1 Kf3 0-1

[Event "Accession Vitrolles 2018/2019"]
[Site "Vitrolles"]
[Date "2018.09.29"]
[Round "1"]
[White "Duval, Jean-Pierre"]
[Black "Madranges, Jean"]
[Result "1-0"]
[WhiteElo "1674"]
[BlackElo "1804"]
[PlyCount "40"]

1. d4 d6 2. e4 Nf6 3. Nc3 g6 4. Be3 c6 5. Be2 Bg7 6. Qd2 Qa5 7. f3 b5 8. e5
dxe5 9. dxe5 Nfd7 10. f4 O-O 11. Nf3 Nb6 12. O-O Re8 13. a3 Nc4 14. Bxc4 bxc4
15. Rad1 Be6 16. Nd4 Rd8 17. Nb3 Rxd2 18. Nxa5 Rxc2 19. Rd8+ Bf8 20. f5 Bxf5
1-0

[Event "Accession Vitrolles 2018/2019"]
[Site "Vitrolles"]
[Date "2018.10.13"]
[Round "2"]
[White "Colandrea, Sauveur"]
[Black "Madranges, Jean"]
[Result "1/2-1/2"]
[WhiteElo "1734"]
[BlackElo "1804"]
[PlyCount "43"]

1. b3 e5 2. Bb2 d6 3. e3 Nc6 4. Be2 g6 5. f4 Bg7 6. Nf3 Nge7 7. O-O O-O 8. fxe5
dxe5 9. Nc3 h6 10. Ne4 Bf5 11. Ng3 Be6 12. a3 f5 13. c4 e4 14. Bxg7 exf3 15.
Bxh6 fxe2 16. Nxe2 Rf7 17. Nf4 Qd6 18. d4 Rh7 19. Bg5 Bf7 20. Rf2 Re8 21. Rd2
b6 22. Nh3 1/2-1/2

[Event "Accession Vitrolles 2018/2019"]
[Site "Vitrolles"]
[Date "2018.10.13"]
[Round "2"]
[White "Mars, Theo"]
[Black "Duval, Jean-Pierre"]
[Result "1-0"]
[WhiteElo "1705"]
[BlackElo "1674"]
[PlyCount "87"]

1. c4 Nf6 2. g3 g6 3. Bg2 Bg7 4. Nc3 O-O 5. d4 d6 6. e3 e5 7. Nge2 Nc6 8. O-O
Rb8 9. Rb1 Bf5 10. e4 exd4 11. exf5 dxc3 12. fxg6 fxg6 13. Nxc3 Kh8 14. b3 Qd7
15. Bb2 Ne5 16. Qc2 Nfg4 17. h3 Nh6 18. f4 Nc6 19. Nd5 Nf5 20. Kh2 Rbe8 21.
Rfe1 Ncd4 22. Qd2 c6 23. Ne3 Nxe3 24. Bxd4 Nxg2 25. Kxg2 c5 26. Bxg7+ Kxg7 27.
g4 Rxe1 28. Rxe1 Re8 29. Kg3 Rxe1 30. Qxe1 Kf7 31. Qe4 Qc6 32. Kf3 Kf6 33. f5
gxf5 34. gxf5 Kg5 35. h4+ Kh5 36. Kf4 Qd7 37. Qf3+ Kh6 38. Qg3 Qg7 39. Qg5+
Qxg5+ 40. hxg5+ Kh5 41. f6 Kg6 42. Ke4 h5 43. gxh6 Kxf6 44. Kd5 1-0

[Event "Accession Vitrolles 2018/2019"]
[Site "Vitrolles"]
[Date "2018.10.13"]
[Round "2"]
[White "Piat, Jean-Pascal"]
[Black "Chabaud, Philippe"]
[Result "1-0"]
[WhiteElo "1736"]
[BlackElo "1489"]
[PlyCount "83"]

1. d4 d5 2. Nc3 e6 3. e4 c5 4. Be3 c4 5. exd5 exd5 6. g3 Nf6 7. h3 Bb4 8. Bg2
Bf5 9. Nge2 O-O 10. O-O Nbd7 11. g4 Bxc3 12. Nxc3 Be4 13. Bxe4 dxe4 14. g5 Ne8
15. Nxe4 Nb6 16. c3 Nd5 17. Qd2 Qe7 18. Ng3 Nd6 19. Rae1 Qd7 20. Kg2 Rfe8 21.
Bf4 Qc6 22. f3 Nxf4+ 23. Qxf4 g6 24. Ne4 Nxe4 25. fxe4 Re7 26. Kg3 Rf8 27. e5
b5 28. Qe4 Qc7 29. Rf6 Re6 30. d5 Rxf6 31. gxf6 h6 32. h4 h5 33. Kg2 Kh7 34. d6
Qd7 35. Rd1 Re8 36. Rd5 a6 37. Kg3 Re6 38. Rc5 Qa7 39. Qd4 Qd7 40. Rc7 Qe8 41.
d7 Qd8 42. Rc8 1-0

[Event "Accession Vitrolles 2018/2019"]
[Site "Vitrolles"]
[Date "2018.10.13"]
[Round "2"]
[White "Roger, Patrick"]
[Black "Montanelli, Tristan"]
[Result "1-0"]
[WhiteElo "1660"]
[BlackElo "1686"]
[PlyCount "63"]

1. e4 e6 2. d4 c5 3. d5 exd5 4. exd5 d6 5. Nf3 Nf6 6. h3 Be7 7. Bd3 Bd7 8. c4
Na6 9. a3 Nc7 10. Nc3 a6 11. O-O O-O 12. b4 cxb4 13. axb4 b5 14. Bb2 bxc4 15.
Bxc4 Qb8 16. Qb3 Qb7 17. Rfe1 Rfe8 18. Re3 Bf8 19. Rae1 Rxe3 20. Rxe3 Rb8 21.
Ba3 a5 22. b5 Bxb5 23. Nxb5 Nxb5 24. Bb2 Nd7 25. Qc2 Qc7 26. Ng5 g6 27. Qe2 Na7
28. Bd4 Nb6 29. Ba2 Nac8 30. Qf3 Bg7 31. Re8+ Bf8 32. Qf6 1-0

[Event "Accession Vitrolles 2018/2019"]
[Site "Vitrolles"]
[Date "2018.10.13"]
[Round "2"]
[White "Beraud, Robert"]
[Black "Boukhfif, Tarik"]
[Result "1-0"]
[WhiteElo "1599"]
[BlackElo "1685"]
[PlyCount "79"]

1. e4 c6 2. d4 d5 3. exd5 cxd5 4. Bd3 Nf6 5. c3 Nc6 6. Bf4 Qb6 7. Qb3 Qxb3 8.
axb3 g6 9. Na3 (9. Nf3 Bf5 10. Bxf5 gxf5 11. O-O Nh5 12. Be3 $11 {
est la ligne théorique}) 9... Nh5 10. Be3 e5 11. Nb5 (11. dxe5 Nxe5 12. Be2 Bd6
13. Bxh5 gxh5 14. Nb5 Bb8 15. Ne2 $16) 11... Kd7 $6 (11... exd4 12. Nxd4 Nxd4
13. Bxd4 Bg7 14. Bxg7 Nxg7 15. Nf3 $14) 12. dxe5 $1 Nxe5 13. Be2 a6 14. Nf3 (
14. g4 Ng7 15. Nf3 f6 16. g5 Nf5 $1 17. gxf6 Nxe3 18. Nxe5+ Ke6 19. Nc7+ Kxe5
20. fxe3 Rb8 21. O-O-O Bh6 22. Nxd5 $16) 14... Bg7 $1 15. Nxe5+ Bxe5 16. g3 Rb8
17. Nd4 Re8 18. Kd2 (18. Nf3 Bd6 19. Ng5 f6 20. Nxh7 Ke6 21. O-O-O (21. Bd4 Kf7
22. Kd2) 21... Rh8 22. Bxh5 gxh5 23. Rhe1 Rxh7 24. Bc5+ Be5 25. f4 $14) 18...
Nf6 19. f3 (19. Rhe1 Kc7 (19... Ne4+ 20. Kc2 $16) 20. f3) 19... Kc7 20. Bd3 Nd7
21. Rhe1 b5 22. Nc2 (22. f4 Bd6 23. b4 Nf6 24. Nb3 Bb7 25. Bd4 Rxe1 26. Rxe1
Ne4+ 27. Kc2 $14) 22... Bd6 $2 23. Bb6+ Rxb6 24. Rxe8 Nc5 25. Nd4 $1 $18 Nxd3
26. Kxd3 Bd7 27. Rh8 h5 28. Rh7 Be8 29. Re1 Kd7 30. g4 Bxh2 31. gxh5 (31. Rh8
$1 Rb8 32. gxh5 gxh5 33. Nf5 Bd6 $18) 31... gxh5 32. Rxh5 Bd6 33. Rxd5 f6 34.
Rg1 (34. Nf5 {marchait aussi} Bg6 35. Re7+ Kd8 36. Re6 $18) 34... Bf7 35. Rf5
Be5 36. b4 Bc4+ 37. Ke3 Rb8 38. Rg7+ Ke8 39. Rh5 Kf8 40. Nf5 1-0

[Event "Accession Vitrolles 2018/2019"]
[Site "Vitrolles"]
[Date "2018.11.24"]
[Round "3"]
[White "Madranges, Jean"]
[Black "Mars, Theo"]
[Result "1-0"]
[WhiteElo "1804"]
[BlackElo "1705"]
[PlyCount "65"]

1. Nf3 Nf6 2. c4 e6 3. g3 d5 4. Bg2 c6 5. O-O Nbd7 6. b3 Be7 7. Bb2 O-O 8. e3
Qc7 9. d4 dxc4 10. bxc4 Nb6 11. Qc2 c5 12. Nbd2 Bd7 13. a4 a5 14. Ne5 cxd4 15.
Bxd4 Bb4 16. Nxd7 Nbxd7 17. Ne4 e5 18. Bb2 Rac8 19. Rac1 Rfd8 20. f4 Nxe4 21.
Bxe4 Nc5 22. Bxe5 Qe7 23. Bd5 Kh8 24. Bd4 Ne6 25. Qf2 Nxd4 26. exd4 b6 27. f5
Qd7 28. Qf3 Qxa4 29. Qh5 Qa3 30. Qxf7 Qe3+ 31. Kh1 Qxd4 32. f6 Rf8 33. Qxg7#
1-0

[Event "Accession Vitrolles 2018/2019"]
[Site "Vitrolles"]
[Date "2018.11.24"]
[Round "3"]
[White "Chabaud, Philippe"]
[Black "Roger, Patrick"]
[Result "0-1"]
[WhiteElo "1489"]
[BlackElo "1660"]
[PlyCount "44"]

1. d4 d5 2. Bf4 c5 3. e3 Nc6 4. Nf3 Qb6 5. Nc3 Nf6 6. Nb5 e5 7. Nxe5 a6 8. Nxc6
axb5 9. Ne5 Qa5+ 10. c3 b4 11. Qc1 Ne4 12. f3 bxc3 13. bxc3 Nxc3 14. Kf2 Bd6
15. Nxf7 Bxf4 16. Nxh8 Bg5 17. f4 Ne4+ 18. Kf3 Bf6 19. Qb2 g5 20. Bb5+ Ke7 21.
Ng6+ hxg6 22. h3 gxf4 0-1

[Event "Accession Vitrolles 2018/2019"]
[Site "Vitrolles"]
[Date "2018.11.24"]
[Round "3"]
[White "Duval, Jean-Pierre"]
[Black "Piat, Jean-Pascal"]
[Result "1-0"]
[WhiteElo "1674"]
[BlackElo "1736"]
[PlyCount "74"]

1. Nf3 Nf6 2. d4 g6 3. c4 Bg7 4. Nc3 O-O 5. g3 d6 6. Bg2 c6 7. O-O Nbd7 8. d5
cxd5 9. cxd5 a6 10. Be3 Nb6 11. Qb3 Nbd7 12. Rac1 Nc5 13. Bxc5 dxc5 14. Na4
Qxd5 15. Qa3 Rb8 16. Rfd1 Qe4 17. Nd4 Qg4 18. Rxc5 b5 19. Nc6 bxa4 20. Bf3 Qh3
21. Nxb8 Bg4 22. Nc6 Bxf3 23. Qxf3 e6 24. Rc4 Nd5 25. Rh4 Qf5 26. Qxf5 gxf5 27.
Rxa4 Bxb2 28. Rxa6 Kg7 29. Rb1 Bf6 30. Rb8 Rxb8 31. Nxb8 Kg6 32. a4 Nc3 33. Kf1
h5 34. Nd7 Bg7 35. Ra8 e5 36. a5 h4 37. gxh4 f4 1-0

[Event "Accession Vitrolles 2018/2019"]
[Site "Vitrolles"]
[Date "2018.11.24"]
[Round "3"]
[White "Montanelli, Tristan"]
[Black "Beraud, Robert"]
[Result "0-1"]
[WhiteElo "1686"]
[BlackElo "1685"]
[PlyCount "146"]

1. e4 e5 2. Nf3 Nc6 3. c3 Nf6 4. d4 exd4 5. e5 Nd5 6. cxd4 Bb4+ 7. Nbd2 d6 8.
Bb5 Bd7 9. Qb3 Nde7 10. O-O O-O 11. exd6 Bxd6 12. Nc4 Be6 13. Qd1 Nb4 14. a3
Nbd5 15. Nxd6 Qxd6 16. Bd3 h6 17. Ne5 Bf5 18. Nc4 Qd7 19. Be2 Rad8 20. Qb3 c6
21. Be3 Be6 22. Qd1 Bf5 23. Qd2 Rfe8 24. Ne5 Qd6 25. h3 Ng6 26. Nxg6 Qxg6 27.
g4 Be4 28. f4 Bf5 29. Bf2 h5 30. Kh2 hxg4 31. Bh4 g3+ 32. Bxg3 Qh6 33. h4 Rd7
34. Rae1 Rde7 35. Bf3 Ne3 36. Rg1 Qe6 37. Bf2 Qb3 38. Qc3 Qxc3 39. bxc3 Nd5 40.
Bxd5 cxd5 41. Rxe7 Rxe7 42. Re1 Be4 43. Kg1 Rc7 44. Rc1 Rc4 45. Kf1 Kh7 46. Ke2
Ra4 47. Ra1 Ra6 48. Be3 Kg6 49. Bd2 Kh5 50. Be1 Kg4 51. Ke3 Rb6 52. Bf2 g6 53.
Rg1+ Kh5 54. Rg5+ Kh6 55. Re5 Rb3 56. Be1 Rxa3 57. Re7 b5 58. Rxe4 dxe4 59.
Kxe4 Ra2 60. Kf3 a5 61. d5 Kg7 62. Bf2 Rxf2+ 63. Kxf2 a4 64. Ke3 a3 65. Kd4 a2
66. Kc5 Kf8 67. Kxb5 a1=Q 68. c4 Qb2+ 69. Kc6 Qf6+ 70. d6 Qxf4 71. c5 Ke8 72.
Kc7 Qe5 73. Kb6 Kd7 0-1

[Event "Accession Vitrolles 2018/2019"]
[Site "Vitrolles"]
[Date "2018.12.08"]
[Round "4"]
[White "Roger, Patrick"]
[Black "Duval, Jean-Pierre"]
[Result "1-0"]
[WhiteElo "1660"]
[BlackElo "1674"]
[PlyCount "69"]

1. e4 e6 2. d4 d5 3. Nc3 dxe4 4. Nxe4 Nd7 5. Bd3 Ngf6 6. Nxf6+ Nxf6 7. Nf3 Be7
8. O-O O-O 9. c4 b6 10. Be3 Bb7 11. a3 c5 12. dxc5 bxc5 13. Qe2 Qc7 14. Bg5 h6
15. Bh4 Nh5 16. Bxe7 Qxe7 17. Qe5 Bxf3 18. gxf3 Qg5+ 19. Qxg5 hxg5 20. Rfe1
Rab8 21. Rab1 Rfd8 22. Red1 Nf4 23. Bc2 Ne2+ 24. Kg2 Nd4 25. Rd2 Nxc2 26. Rxc2
Rd3 27. Re1 Rbb3 28. Re5 Rxf3 29. Rxc5 g4 30. Rc8+ Kh7 31. c5 Rf5 32. c6 Rbb5
33. b4 a5 34. c7 axb4 35. axb4 1-0

[Event "Accession Vitrolles 2018/2019"]
[Site "Vitrolles"]
[Date "2018.12.08"]
[Round "4"]
[White "Colandrea, Sauveur"]
[Black "Mars, Theo"]
[Result "0-1"]
[WhiteElo "1731"]
[BlackElo "1705"]
[PlyCount "92"]

1. e4 b6 2. d4 Bb7 3. Bd3 Nf6 4. Qe2 d6 5. Nf3 Nbd7 6. O-O g6 7. Nbd2 Bg7 8. e5
dxe5 9. dxe5 Ng8 10. e6 fxe6 11. Qxe6 Ngf6 12. Ng5 Bd5 13. Qe2 O-O 14. c4 Bf7
15. Ndf3 Nc5 16. Nxf7 Qxd3 17. Qxd3 Nxd3 18. N7e5 Nc5 19. b4 Nfd7 20. Bb2 Nxe5
21. Bxe5 Nd3 22. Bxg7 Kxg7 23. Nd4 Rf6 24. a3 e5 25. Nb5 c6 26. Nc3 Rf4 27.
Rad1 Rd8 28. c5 bxc5 29. bxc5 Rc4 30. Na2 Rdd4 31. Rb1 Nxc5 32. Nc1 Kf6 33. Nb3
Nxb3 34. Rxb3 Ra4 35. Rc1 c5 36. f3 c4 37. Rbc3 Ke6 38. Kf2 Kd5 39. Ke3 Ra6 40.
g3 g5 41. Rf1 Rf6 42. Rb1 Rb6 43. Rf1 Rb2 44. h3 h5 45. Rf2 Rxf2 46. Kxf2 Rd3
0-1

[Event "Accession Vitrolles 2018/2019"]
[Site "Vitrolles"]
[Date "2018.12.08"]
[Round "4"]
[White "Beraud, Robert"]
[Black "Chabaud, Philippe"]
[Result "1-0"]
[WhiteElo "1685"]
[BlackElo "1489"]
[PlyCount "63"]

1. e4 e6 2. d4 d5 3. Nd2 c5 4. exd5 exd5 5. Bb5+ Nc6 6. Ngf3 Bg4 7. O-O Nf6 8.
Re1+ Be7 9. Qe2 a6 10. Bxc6+ bxc6 11. dxc5 Ra7 12. Nb3 O-O 13. Be3 Re8 14. Rad1
Ne4 15. c4 Bf6 16. cxd5 cxd5 17. Bd4 Ree7 18. Qd3 a5 19. c6 Bxf3 20. gxf3 Bxd4
21. fxe4 Bxb2 22. exd5 a4 23. Nc5 Rxe1+ 24. Rxe1 g6 25. Ne4 Rc7 26. Rd1 f5 27.
Nc5 Qg5+ 28. Qg3 Qxg3+ 29. hxg3 a3 30. Ne6 Rc8 31. c7 Be5 32. d6 1-0

[Event "Accession Vitrolles 2018/2019"]
[Site "Vitrolles"]
[Date "2018.12.08"]
[Round "4"]
[White "Piat, Jean-Pascal"]
[Black "Madranges, Jean"]
[Result "1/2-1/2"]
[WhiteElo "1736"]
[BlackElo "1766"]
[PlyCount "101"]

1. d4 d6 2. Nf3 g6 3. h4 h5 4. c4 Bg7 5. Nc3 Nf6 6. Bg5 Bf5 7. g3 Nbd7 8. Bg2
c6 9. Nd2 Nb6 10. e4 Bc8 11. a4 a5 12. O-O O-O 13. Qe2 Qc7 14. Rac1 Nbd7 15.
Nf3 e5 16. d5 Nc5 17. Nd2 Ng4 18. f3 f6 19. fxg4 Bxg4 20. Qe3 fxg5 21. hxg5 Qe7
22. Bf3 Bh3 23. Rf2 Rf7 24. Kh2 Qd7 25. Bg2 Rxf2 26. Qxf2 Rf8 27. Qe3 Bg4 28.
Rf1 Rxf1 29. Bxf1 Qf7 30. Bg2 Bf8 31. b3 Be7 32. Nf3 Bxf3 33. Bxf3 Nxb3 34. Ne2
Nd4 35. Nxd4 exd4 36. Qf4 Kg7 37. Kg2 c5 38. Qh4 Qe8 39. g4 Qh8 40. gxh5 gxh5
41. Bxh5 Qf8 42. Qg4 Qd8 43. Qf5 Bxg5 44. Qf7+ Kh8 45. Bg4 Qe7 46. Qh5+ Kg7 47.
Bf5 Qf6 48. Qh7+ Kf8 49. Qxb7 d3 50. Qb8+ Qd8 51. Qxd8+ 1/2-1/2

[Event "Accession Vitrolles 2018/2019"]
[Site "Vitrolles"]
[Date "2019.01.12"]
[Round "5"]
[White "Montanelli, Tristan"]
[Black "Colandrea, Sauveur"]
[Result "1-0"]
[WhiteElo "1679"]
[BlackElo "1697"]
[PlyCount "68"]

1. f4 d6 2. Nf3 Nf6 3. b3 Bg4 4. Bb2 Nc6 5. e3 e5 6. Be2 exf4 7. exf4 Be7 8.
O-O O-O 9. d3 Nd5 10. Qd2 Bf6 11. Nc3 Nxc3 12. Bxc3 Re8 13. Rae1 Re6 14. h3
Bxf3 15. Bxf3 Bh4 16. Rxe6 fxe6 17. Kh2 Qe7 18. g3 Bf6 19. Re1 Re8 20. Bd5 Qf7
21. Bxf6 exd5 22. Rxe8+ Qxe8 23. Bb2 d4 24. Qf2 a6 {(=)} 25. Kg2 Qe6 26. g4
Qd5+ 27. Qf3 Qa5 28. a3 Qc5 29. Qe2 Qd5+ 30. Qe4 Qxe4+ 31. dxe4 Kf7 32. h4 Ne7
33. Bxd4 Ng6 34. Kg3 c5 1-0

[Event "Accession Vitrolles 2018/2019"]
[Site "Vitrolles"]
[Date "2019.01.12"]
[Round "5"]
[White "Duval, Jean-Pierre"]
[Black "Beraud, Robert"]
[Result "1/2-1/2"]
[WhiteElo "1659"]
[BlackElo "1699"]
[PlyCount "55"]

1. d4 Nf6 2. Nf3 g6 3. c4 Bg7 4. Nc3 O-O 5. g3 d6 6. Bg2 Nbd7 7. O-O e5 8. d5
a5 9. Qc2 Nc5 10. Nd2 Re8 11. Nb3 Nxb3 12. axb3 Bd7 13. Bd2 b6 14. b4 axb4 15.
Na2 Ba4 16. b3 Bd7 17. Nxb4 Rxa1 18. Rxa1 e4 19. Ra2 Bf5 20. e3 Qd7 21. Bc3 Bh3
22. Ra7 Qg4 23. Bxf6 Bxf6 24. Bxh3 Qxh3 25. Qe2 Rc8 26. Nc6 Qf5 27. Kg2 Qd7 28.
Rb7 1/2-1/2

[Event "Accession Vitrolles 2018/2019"]
[Site "Vitrolles"]
[Date "2019.01.12"]
[Round "5"]
[White "Madranges, Jean"]
[Black "Roger, Patrick"]
[Result "1/2-1/2"]
[WhiteElo "1754"]
[BlackElo "1705"]
[PlyCount "86"]

1. d4 d5 2. Bf4 Nf6 3. e3 c5 4. c3 e6 5. Nd2 Nbd7 6. Ngf3 Be7 7. Bd3 O-O 8. O-O
Nh5 9. Ne5 Nxf4 10. exf4 cxd4 11. cxd4 Nf6 12. g4 g6 13. Re1 Qb6 14. Nb3 Rd8
15. Re3 Bd7 16. Qe2 Ba4 17. Rd1 Rac8 18. f5 Bxb3 19. axb3 gxf5 20. gxf5 Bf8 21.
fxe6 fxe6 22. Ng4 Ne4 23. Bxe4 dxe4 24. Rxe4 Bg7 25. Rxe6 Qxb3 26. Nf6+ Bxf6
27. Rxf6 Rc7 28. Qe6+ Qxe6 29. Rxe6 Rcd7 {(=)} 30. Re4 Kf7 31. Kf1 Rd5 32. Rh4
h5 33. Ke2 Kf6 34. Rd3 b5 35. Re4 b4 36. Re5 Rxd4 37. Rxd4 Rxd4 38. Rxh5 Kg6
39. Ra5 Rc4 40. Kd3 Rh4 41. Rxa7 Rxh2 42. Ke3 Rh3+ 43. f3 Rh2 1/2-1/2

[Event "Accession Vitrolles 2018/2019"]
[Site "Vitrolles"]
[Date "2019.01.12"]
[Round "5"]
[White "Mars, Theo"]
[Black "Piat, Jean-Pascal"]
[Result "1/2-1/2"]
[WhiteElo "1708"]
[BlackElo "1712"]
[PlyCount "69"]

1. c4 b6 2. Nf3 Bb7 3. d4 e6 4. Nc3 f5 5. d5 exd5 6. Nxd5 Nf6 7. Bg5 Be7 8.
Nxe7 Qxe7 9. a3 O-O 10. e3 d6 11. Nd4 g6 12. Qb3 Kh8 13. O-O-O Nbd7 14. f3 Nc5
15. Qc3 a5 16. b4 axb4 17. axb4 Ne6 18. Nxe6 Qxe6 19. c5 bxc5 20. bxc5 Qe5 21.
Qxe5 dxe5 22. Kb2 Bc6 23. Bc4 Rfb8+ 24. Bb3 Kg7 25. Ra1 Rxa1 26. Rxa1 Bd5 27.
Ra3 Nd7 28. Kc3 Rxb3+ 29. Rxb3 Bxb3 30. c6 Ba4 31. cxd7 Bxd7 32. Kb4 Kf7 33.
Kc5 Ke6 34. Bd8 c6 35. Bc7 1/2-1/2

[Event "Accession Vitrolles 2018/2019"]
[Site "Vitrolles"]
[Date "2019.01.19"]
[Round "6"]
[White "Colandrea, Sauveur"]
[Black "Piat, Jean-Pascal"]
[Result "1/2-1/2"]
[WhiteElo "1697"]
[BlackElo "1718"]
[PlyCount "119"]

1. Nf3 c5 2. c4 Nf6 3. Nc3 g6 4. g3 Bg7 5. Bg2 O-O 6. O-O d6 7. d4 Nbd7 8. d5
a6 9. a4 Ne8 10. h3 Rb8 11. Qc2 Nc7 12. a5 b6 13. axb6 Nxb6 14. b3 Bf5 15. e4
Bxe4 16. Qxe4 Bxc3 17. Rb1 Nd7 18. Qh4 a5 19. Bg5 Bf6 20. Rfe1 Rb4 21. Re3 Nxd5
22. Bxf6 N5xf6 23. Rd3 Nb6 24. Re1 a4 25. Nd2 axb3 26. Rxb3 Rxb3 27. Nxb3 e6
28. Na5 Kg7 29. Rd1 Qc7 30. Qf4 e5 31. Qd2 Ne8 32. Qc3 f5 33. f4 Nf6 34. Nc6 e4
35. Na5 Ra8 36. Nb3 Nc8 37. g4 Kf7 38. g5 Nh5 39. Qh8 Ke6 40. Qe8+ Qe7 41. Qc6
Nxf4 42. Qxa8 Nb6 43. Qg8+ Ke5 44. Qh8+ Ke6 45. Qf6+ Qxf6 46. gxf6 Nxc4 47. f7
Kxf7 48. Bf1 d5 49. Bxc4 dxc4 50. Nxc5 Nxh3+ 51. Kf1 Kf6 52. Rc1 Nf4 53. Rxc4
h5 54. Nd7+ Kg5 55. Ne5 h4 56. Kg1 Kh5 57. Rc8 e3 58. Rh8+ Kg5 59. Nf3+ Kg4 60.
Nh2+ 1/2-1/2

[Event "Accession Vitrolles 2018/2019"]
[Site "Vitrolles"]
[Date "2019.01.19"]
[Round "6"]
[White "Roger, Patrick"]
[Black "Mars, Theo"]
[Result "0-1"]
[WhiteElo "1705"]
[BlackElo "1708"]
[PlyCount "76"]

1. e4 c6 2. d4 d5 3. e5 Bf5 4. Nf3 e6 5. Bd3 Bxd3 6. Qxd3 Qb6 7. c3 c5 8. O-O
Nc6 9. a3 a5 10. Re1 c4 11. Qe2 a4 12. Ng5 g6 13. Qf3 Qc7 14. h4 Bg7 15. h5 Na5
16. Nd2 Bh6 17. Nh3 Qe7 18. Nf1 Nb3 19. Bxh6 Nxh6 20. Rad1 Qh4 21. Ne3 Nf5 22.
Nxd5 exd5 23. Qxd5 Ra5 24. Qxb7 O-O 25. Qc6 Qxh5 26. Qxc4 Qg4 27. e6 Nh4 28.
Qc6 Rf5 29. Re3 Qxd1+ 30. Kh2 fxe6 31. Qxe6+ R8f7 32. Qe8+ Kg7 33. Qxa4 Qc2 34.
d5 Nxg2 35. Kxg2 Rxf2+ 36. Nxf2 Qxf2+ 37. Kh1 Qxe3 38. Qxb3 Qh3+ 0-1

[Event "Accession Vitrolles 2018/2019"]
[Site "Vitrolles"]
[Date "2019.01.27"]
[Round "6"]
[White "Beraud, Robert"]
[Black "Madranges, Jean"]
[Result "0-1"]
[WhiteElo "1699"]
[BlackElo "1754"]
[PlyCount "70"]

1. e4 g6 2. c4 Bg7 3. Nc3 Nc6 4. Nf3 d6 5. d4 Bg4 6. Be3 e5 7. d5 Nd4 8. Be2
Bxf3 9. Bxf3 c5 10. Qa4+ Qd7 11. Qxd7+ Kxd7 12. Bd1 Nh6 13. Rb1 f5 14. f3 Rab8
15. Ba4+ Ke7 16. Bg5+ Kf8 17. b4 Nf7 18. Be3 Bh6 19. Bf2 b6 20. bxc5 dxc5 21.
Ne2 Kg7 22. Ng3 Nd6 23. Bb3 b5 24. Bxd4 exd4 25. e5 Nxc4 26. Bxc4 bxc4 27. Kf2
c3 28. Ne2 Be3+ 29. Kg3 c2 30. Rb3 c4 31. Rxe3 dxe3 32. Rc1 Rb2 33. Nc3 Rhb8
34. f4 e2 35. Kf2 Rb1 0-1

[Event "Accession Vitrolles 2018/2019"]
[Site "Vitrolles"]
[Date "2019.01.19"]
[Round "6"]
[White "Montanelli, Tristan"]
[Black "Chabaud, Philippe"]
[Result "1-0"]
[WhiteElo "1679"]
[BlackElo "1459"]
[PlyCount "69"]

1. f4 d5 2. Nf3 Nf6 3. g3 Bf5 4. Bg2 e6 5. d3 Bc5 6. e3 O-O 7. O-O Nc6 8. c3
Re8 9. b4 Bb6 10. a4 a5 11. b5 Na7 12. Na3 c6 13. Nd4 Bxd4 14. cxd4 cxb5 15.
Nxb5 Nxb5 16. axb5 b6 17. Ba3 Rc8 18. Qd2 Qd7 19. Rab1 Rc7 20. h3 Rec8 21. g4
Bg6 22. g5 Nh5 23. e4 Rc2 24. Qd1 Ng3 25. Rf2 R2c3 26. Bb2 R3c7 27. Qf3 Nxe4
28. dxe4 dxe4 29. Qe3 Qxb5 30. Bxe4 Bxe4 31. Qxe4 Rd7 32. f5 exf5 33. Rxf5 Qa4
34. Re5 Rdc7 35. Re1 1-0

[Event "Accession Vitrolles 2018/2019"]
[Site "Vitrolles"]
[Date "2019.02.03"]
[Round "7"]
[White "Mars, Theo"]
[Black "Beraud, Robert"]
[Result "1/2-1/2"]
[WhiteElo "1708"]
[BlackElo "1699"]
[PlyCount "57"]

1. c4 e5 2. g3 Nc6 3. Bg2 g6 4. Nc3 Bg7 5. e4 d6 6. Nge2 f5 7. d3 Nf6 8. O-O
O-O 9. Rb1 h6 10. f4 Nh5 11. b4 a6 12. Nd5 Ne7 13. Nxe7+ Qxe7 14. exf5 Bxf5 15.
Bxb7 Rab8 16. Bf3 Bh3 17. Bg2 Qd7 18. Bxh3 Qxh3 19. Kh1 exf4 20. gxf4 g5 21.
Bb2 Bxb2 22. Rxb2 Nxf4 23. Nxf4 gxf4 24. Qf3 Qxf3+ 25. Rxf3 Rf5 26. Rg2+ Rg5
27. a3 Re8 28. Rxg5+ hxg5 29. h4 1/2-1/2

[Event "Accession Vitrolles 2018/2019"]
[Site "Vitrolles"]
[Date "2019.02.03"]
[Round "7"]
[White "Piat, Jean-Pascal"]
[Black "Roger, Patrick"]
[Result "0-1"]
[WhiteElo "1712"]
[BlackElo "1705"]
[PlyCount "60"]

1. d4 d5 2. e4 e6 3. a3 Nf6 4. Nc3 dxe4 5. Bg5 Be7 6. f3 exf3 7. Nxf3 Nd5 8.
Bxe7 Qxe7 9. Qd2 Nd7 10. Bb5 c6 11. Bd3 N7f6 12. O-O Bd7 13. Ne5 c5 14. Nb5 a6
15. c4 axb5 16. cxd5 c4 17. dxe6 Bxe6 18. Bf5 O-O 19. Rae1 Qd6 20. Bxe6 fxe6
21. Nf3 Rad8 22. Qe2 Rfe8 23. a4 Nd5 24. axb5 c3 25. bxc3 Nxc3 26. Qd3 Nd5 27.
Ng5 g6 28. Nf7 Nf4 29. Qxg6+ Nxg6 30. Nxd6 Rxd6 0-1